000 00290nam a2200109Ia 4500
008 200302s9999 xx 000 0 und d
100 _aK. P. Yadav
245 _aEncyclopaeda of Economic Planning and Development Vol 4
260 _bSarup & Sons Published
260 _c1999
300 _a479 P.,
999 _c1798
_d1798